Loading...
| Philosophy | 3 | 3 | 0 | 0 | 75 | 46 | 66.83 | 6 | 6 |
| Literature - American Literature | 4 | 0 | 0 | 0 | 60 | 40 | 55.25 | 4 | 4 |
| Literature - British Literature | 2 | 1 | 0 | 0 | 40 | 49 | 78.67 | 2 | 3 |
| Fine Arts - Auditory Fine Arts | 1 | 2 | 0 | 0 | 35 | 43 | 87.33 | 3 | 3 |
| 1 | 2 | 0 | 1 | 35 | 70 | 81.67 | 2 | 3 | |
| Social Science | 2 | 0 | 0 | 0 | 30 | 60 | 70.00 | 2 | 2 |
| Fine Arts - Visual Fine Arts | 1 | 1 | 0 | 0 | 25 | 46 | 66.00 | 1 | 2 |
| Beliefs | 1 | 1 | 1 | 0 | 20 | 67 | 96.50 | 1 | 2 |
| Science - Chemistry | 1 | 0 | 0 | 0 | 15 | 37 | 37.00 | 1 | 1 |
| Science - Physics | 0 | 2 | 1 | 1 | 15 | 80 | 88.00 | 1 | 2 |
| Other Science: Earth Science | 0 | 1 | 0 | 0 | 10 | 99 | 99.00 | 1 | 1 |
| Other Science: Math | 1 | 0 | 1 | 0 | 10 | 42 | 42.00 | 1 | 1 |
| Other Arts: Auditory | 0 | 1 | 0 | 0 | 10 | 70 | 70.00 | 1 | 1 |
| Other Arts: Visual | 0 | 1 | 0 | 0 | 10 | 136 | 136.00 | 0 | 1 |
| Other Science: Computer Science | 0 | 1 | 0 | 0 | 10 | 98 | 98.00 | 1 | 1 |
| Other Academic | 0 | 0 | 1 | 0 | -5 | 0.00 | 0 | 0 | |
| Literature - European Literature | 0 | 0 | 1 | 0 | -5 | 0.00 | 0 | 0 |